000 00566nam a2200181 i 4500
001 88860
003 ES-MaACL
005 20230906175943.0
007 t|
008 041229s1993 fr ||||1| fre d
080 _a914.491(084.12)
245 0 0 _aAix en Provence :
_breunion extraordinaire du Groupe Socialiste du Parlament Europeen : 10-14 mai 1993.
260 _a[Paris :
_bs.n.,
_c1993]
300 _a1 carpeta ([14] h.) :
_bil. ;
_c33 cm.
610 2 4 _aParlamento Europeo.
_96118
650 4 _aSocialismo-
_zEuropa-
_yS.XX.
_917159
852 4 _aES-MaACL
_jE-10714
999 _c88860
_d88860